QUIZZ LIGUE DES CHAMPIONS - Statistiques

Statistiques générales
  • Ce quiz a été pris 1 013 fois
  • Le résultat moyen est 51 sur 63
Statistiques - réponses
Hint Réponse % Correct
1956 Real Madrid
100%
1957 Real Madrid
100%
1958 Real Madrid
100%
1959 Real Madrid
100%
1960 Real Madrid
100%
1966 Real Madrid
100%
1998 Real Madrid
100%
2000 Real Madrid
100%
2002 Real Madrid
100%
2014 Real Madrid
100%
2016 Real Madrid
100%
2017 Real Madrid
100%
2018 Real Madrid
100%
1992 Barcelone
94%
2006 Barcelone
94%
2009 Barcelone
94%
2011 Barcelone
94%
2015 Barcelone
94%
1963 Ac Milan
92%
1969 Ac Milan
92%
1989 Ac Milan
92%
1990 Ac Milan
92%
1994 Ac Milan
92%
2003 Ac Milan
92%
2007 Ac Milan
92%
1964 Inter Milan
90%
1965 Inter Milan
90%
2010 Inter Milan
90%
1974 Bayern
89%
1975 Bayern
89%
1976 Bayern
89%
2001 Bayern
89%
2013 Bayern
89%
1977 Liverpool
87%
1978 Liverpool
87%
1981 Liverpool
87%
1984 Liverpool
87%
2005 Liverpool
87%
1968 Manchester United
87%
1999 Manchester United
87%
2008 Manchester United
87%
2012 Chelsea
85%
1993 Marseille
83%
1985 Juventus
72%
1996 Juventus
72%
1987 Porto
72%
2004 Porto
72%
1971 Ajax
70%
1972 Ajax
70%
1973 Ajax
70%
1995 Ajax
70%
1997 Dortmund
65%
1961 Benfica
60%
1962 Benfica
60%
1979 Nottingham Forrest
60%
1980 Nottingham Forrest
60%
1991 Etoile Rouge
45%
1982 Aston Villa
43%
1988 PSV
42%
1967 Celtic
36%
1983 Hambourg
31%
1970 Feyenoord
27%
1986 Steaua
26%
Aucun quiz correspondant
Distribution des résultats
% des personnes avec chaque résultat
Percentile par nombre de réponses
Votre historique - résultats
Vous n’avez pas pris ce quiz